Centres of attention (Record no. 80388)
[ view plain ]
| 000 -LEADER | |
|---|---|
| fixed length control field | 00935cab a22002055a 4500 |
| 001 - CONTROL NUMBER | |
| control field | L144207 |
| 008 - FIXED-LENGTH DATA ELEMENTS--GENERAL INFORMATION | |
| fixed length control field | 080703e20080606xxko f s 000 0 eng d |
| 035 ## - SYSTEM CONTROL NUMBER | |
| System control number | (Sirsi) u144207 |
| 041 0# - LANGUAGE CODE | |
| Language code of text/sound track or separate title | eng |
| 100 1# - MAIN ENTRY--PERSONAL NAME | |
| Personal name | Fennell, James |
| 245 00 - TITLE STATEMENT | |
| Title | Centres of attention |
| 260 ## - PUBLICATION, DISTRIBUTION, ETC. | |
| Date of publication, distribution, etc. | 2008 |
| 490 ## - SERIES STATEMENT | |
| Series statement | Planning |
| Volume/sequential designation | (1772) 6 June 2008, 16-17(2) |
| 520 ## - SUMMARY, ETC. | |
| Summary, etc. | Article looks at the development of out-of-town regional shopping centres (RSCs) and argues that they have long been drivers of economic growth and regeneration and that they could become focal points for the development of sustainable mixed-use communities. Examples are drawn from RSCs including the MetroCentre (Newcastle) and Braehead (Glasgow). |
| 590 ## - LOCAL NOTE (RLIN) | |
| Local note | KA |
| 651 #4 - SUBJECT ADDED ENTRY--GEOGRAPHIC NAME | |
| Geographic name | United Kingdom |
| Chronological subdivision | |
| 690 ## - LOCAL SUBJECT ADDED ENTRY--TOPICAL TERM (OCLC, RLIN) | |
| Topical term or geographic name as entry element | PROPERTY-COMMERCIAL PROPERTY-RETAIL PROPERTY-OUT OF TOWN RETAIL PROPERTY-OUT OF TOWN SHOPPING CENTRE, MALL AND ARCADE PROPERTY |
| 700 1# - ADDED ENTRY--PERSONAL NAME | |
| Personal name | Robertson, John |
| 942 ## - ADDED ENTRY ELEMENTS (KOHA) | |
| Suppress in OPAC | 0 |
| Withdrawn status | Lost status | Source of classification or shelving scheme | Damaged status | Not for loan | Home library | Current library | Shelving location | Date acquired | Total Checkouts | Full call number | Barcode | Date last seen | Copy number | Price effective from | Koha item type |
|---|---|---|---|---|---|---|---|---|---|---|---|---|---|---|---|
| Dewey Decimal Classification | London | London | Journal article | 03/07/2008 | L144207 | 144207-1001 | 06/08/2019 | 1 | 06/08/2019 | Journal article |